000 00954cad a22002295a 4500
001 L153697
008 110818s2011 xxk 000 0 eng d
035 _a(Sirsi) u153697
041 0 _aeng
100 1 _aNewton, John
245 0 0 _aInternational focus on USA
_bSummer 2011
_h[electronic resource]
260 _a[S.l.]
_bEC Harris
_c2011
490 0 _aEC Harris International Focus
520 _aConstruction costs to rise as US economy slowly comes out of recession; United States economy, the real estate market, commercial real estate trends, economy and construction - USA at a glance, effects of funding constraints.
590 _aKA NTK
651 4 _aUnited States
_y1959-
690 _aBUILT ENVIRONMENT-CONSTRUCTION MARKET
700 1 _aMoore, Paul
710 1 _aEC Harris
_94930
856 4 0 _uhttps://www.echarris.com/pdf/7998_International%20Focus%20on%20USA_Final.pdf
_zView the item free of charge at www.echarris.com
942 _n0
999 _c112654
_d112654